Suciedad que divide: contaminación en Valparaíso, 1900-1930.
Guardat en:
| Autor principal: | |
|---|---|
| Format: | Llibre |
| Publicat: |
Valparaíso, Chile:
Ediciones Universitarias de Valparaíso,
2017.
|
| Matèries: | |
| Etiquetes: |
Afegir etiqueta
Sense etiquetes, Sigues el primer a etiquetar aquest registre!
|
MARC
| LEADER | 00000cam a2200000 a 4500 | ||
|---|---|---|---|
| 001 | UCC1773 | ||
| 003 | CL-VaPUC | ||
| 005 | 20250221123822.0 | ||
| 008 | 221005t2017 ||||| |||| 00| 0 eng d | ||
| 999 | |c 370142 |d 370140 | ||
| 020 | |a 978-956-17-0731-3 | ||
| 040 | |c Pontificia Universidad Católica de Valparaíso | ||
| 082 | 0 | 4 | |a 983.255 REY 2017 |2 21 |
| 100 | 0 | |a Reyes Carvajal, Karen Muriel |e autora |9 595849 | |
| 245 | 1 | 0 | |a Suciedad que divide: contaminación en Valparaíso, 1900-1930. |
| 260 | |a Valparaíso, Chile: |b Ediciones Universitarias de Valparaíso, |c 2017. | ||
| 300 | |a 159 páginas. | ||
| 500 | |a c.3. Donación Rector saliente Claudio Elortegui, Julio 2022. Sin memo. Ingresado Octubre 2022. | ||
| 583 | |a last modification |c 20171124 15:27:00 |k Rodrigo Vera | ||
| 650 | 0 | |a Historia de Valparaíso |y Siglo 20 |9 482500 | |
| 650 | 0 | |a Historia de ciudades |9 445863 | |
| 650 | 0 | |a Contaminación ambiental |9 314181 | |
| 650 | 0 | |a Protección del medio ambiente |9 257626 | |
| 942 | |c BK |2 ddc | ||
| 945 | |d 20171124 15:27:00 |a dcastane | ||
| 952 | |0 0 |1 0 |3 erb |4 0 |6 983_255000000000000_REY_2017 |7 0 |8 A |9 486462 |a BIBING |b BIBING |i 5438500 |o 983.255 REY 2017 |p 5438500 |r 2025-01-20 |w 2019-11-24 |y BK |z Catalogado en:20171124 |k GEO | ||
| 952 | |0 0 |1 0 |3 erb |4 0 |6 983_255000000000000_REY_2017 |7 0 |8 A |9 486463 |a BIBHIS |b BIBHIS |i 5443768 |o 983.255 REY 2017 |p 5443768 |r 2025-01-20 |w 2019-11-24 |y BK |z Catalogado en:20171230 |k HIS | ||
| 952 | |0 0 |1 0 |2 ddc |4 0 |6 983_255000000000000_REY_2017 |7 0 |8 A |9 587076 |a BIBHIS |b BIBHIS |c GEN |d 2022-10-05 |e Donación |i 5655013 |o 983.255 REY 2017 |p 5655013 |r 2025-01-20 |t 3 |w 2022-10-05 |y BK |k HIS | ||